Financial management : (Record no. 3352)

MARC details
000 -LEADER
fixed length control field 00942cam a22002054a 4500
020 ## - INTERNATIONAL STANDARD BOOK NUMBER
ISBN 0538875895 (alk. paper)
022 ## - INTERNATIONAL STANDARD SERIAL NUMBER
ISSN 9780538875899
050 00 - CALL NUMBER
Classification number HG4026
Item number .L483
100 1# - AUTHOR
Personal name Lewellen, Wilbur G.
245 10 - TITLE
Title Financial management :
Remainder of title an introduction to principles and practice /
Statement of responsibility, etc Wilbur G. Lewellen, John A. Halloran, Howard P. Lanser.
260 ## - PUBLICATION INFORMATION
Place of publication Cincinnati, Ohio :
Name of publisher South Western College Pub.,
Year of publication c2000.
300 ## - DESCRIPTION
Number of Pages xvii, 822 p. :
Other physical details col. ill. ;
Dimensions 26 cm.
500 ## - NOTES
General note Includes index.
505 ## - FORMATTED CONTENTS NOTE
Table of Content pt. 1 The Goal and environment of financial management --<br/>pt. 2 Valuation principles --<br/>pt. 3 Long-term investment decisions --<br/>pt. 4 Long-term financing choices --<br/>pt. 5 Short-term financial management --<br/>pt. 6 Further applications in financial management.
650 #0 - SUBJECTS
Topical Term Corporations
General subdivision Finance.
650 #0 - SUBJECTS
Topical Term Business enterprises
General subdivision Finance.
700 1# - OTHER AUTHORS
Personal name Halloran, John A.,
700 1# - OTHER AUTHORS
Personal name Lanser, Howard P.,
942 ## - ADDED ENTRY ELEMENTS (KOHA)
Koha item type Books
Holdings
Withdrawn status Lost status Collection code Home library Current library Shelving location Date acquired Full call number Accession Number Koha item type
    Reference Methodist University Library Main Methodist University Library Main General Stacks 21/01/2013 HG4026 .L483 36879 Books
Copyright © 2026  MUG Library